000 01376nam a2200385 i 4500
001 91325
003 FINmELB
005 20241217172020.0
006 m o u
007 cr cn|||||||||
008 240422s2024 sp ob 000 0 spa d
020 _z9788419109903
020 _a9788419109910
_q(e-book)
035 _a(OCoLC)1431001565
040 _aFINmELB
_bspa
_erda
_cFINmELB
050 1 4 _aHD57.7
_bL792 2024
080 _a658.3
082 0 4 _a658.4092
_223
100 1 _aLlopis Casellas, Jaume,
_eautor.
245 1 0 _aInteligencia directiva :
_bmanual para liderar equipos /
_cJaume Llopis Casellas.
264 1 _aBarcelona :
_bMarge Books,
_c2024.
300 _a1 recurso en línea (238 páginas)
336 _atexto
_btxt
_2rdamedia/spa
337 _acomputadora
_bc
_2rdamedia/spa
338 _arecurso en línea
_bcr
_2rdacarrier/spa
490 1 _aGestiona
504 _aContiene bibliografía.
588 _aDescripción basada en metadatos suministrados por el editor y otras fuentes.
590 _aRecurso electrónico. Santa Fe, Arg.: elibro, 2024. Disponible vía World Wide Web. El acceso puede estar limitado para las bibliotecas afiliadas a elibro.
650 4 _aLiderazgo.
655 4 _aLibros electrónicos.
797 2 _aelibro, Corp.
830 0 _aGestiona.
856 4 0 _uhttps://elibro.net/ereader/politecnicointernacional/251002
999 _c91325
_d91325